[Event "CHI-chT"]
[Site "Chile"]
[Date "2010.10.26"]
[Round "2"]
[White "Bartucevic Sanchez, Diego"]
[Black "Perez Urrea, Juan Francisco"]
[Result "1-0"]
[WhiteElo "2002"]
[BlackElo "1632"]
[PlyCount "55"]
[EventDate "2010.10.19"]
[EventType "team"]
[EventRounds "9"]
[EventCountry "CHI"]
[SourceTitle "EXT 2012"]
[Source "ChessBase"]
[SourceDate "2011.11.24"]
[SourceVersion "1"]
[SourceVersionDate "2011.11.24"]
[SourceQuality "1"]

1. e4 d6 2. d4 Nf6 3. Nc3 g6 4. f4 Bg7 5. Nf3 0-0 6. Bd3 Na6 7. 0-0 c5 8. Bxa6 bxa6 9. dxc5 dxc5 10. Qxd8 Rxd8 11. Be3 c4 12. Rad1 Bb7 13. e5 Nd7 14. Ng5 h6 15. Nge4 Bxe4 16. Nxe4 Nb6 17. Nc5 a5 18. Nb7 Rd5 19. Bxb6 Rxd1 20. Rxd1 axb6 21. c3 Kf8 22. Nd8 e6 23. Rd6 Ke8 24. Nb7 Bf8 25. Rxb6 Rb8 26. Kf1 Kd7 27. Nc5+ Kc7 28. Rxb8 1-0